MESTSKÁ KNIŽNICA GIRALTOVCE  - online katalóg 

Milenka francúzskeho poručíka (Record no. 10578)

000 -NÁVESTIE
fixed length control field 00842nam a2200253 a 4500
008 - ÚDAJE S PEVNOU DĹŽKOU – VŠEOBECNÉ INFORMÁCIE
fixed length control field 040407s1972||||xo r 0 slo c
040 ## - ZDROJ KATALOGIZÁCIE
Pôvodná katalogizujúca agentúra SNK
Jazyk katalogizácie slo
Prepisujúca agentúra SNK
Konvencie popisu AACR2
041 1# - KÓD JAZYKA
Kód jazyka textu/zvukovej stopy alebo samostatných nápisov slo
Kód jazyka originálu a/alebo sprostredkujúcich prekladov textu eng
044 ## - KÓD KRAJINY VYDAVATEĽA/PRODUCENTA
Kód krajiny MARC xo
Kód krajiny ISO SK
080 ## - ČÍSLO MEDZINÁRODNÉHO DESATINNÉHO TRIEDENIA (MDT)
Číslo Medzinárodného desatinného triedenia (MDT) 820-3
020 ## - MEDZINÁRODNÉ ŠTANDARDNÉ ČÍSLO KNIHY (ISBN)
Údaje o dostupnosti 34
100 1# - OSOBNÉ MENÁ – VŠEOBECNÉ INFORMÁCIE
Osobné meno Fowles, John
Kód roly aut
240 10 - UNIFIKOVANÝ NÁZOV
Unifikovaný názov The French Lieutenant's Woman
Jazyk diela Slovensky
245 10 - NÁZOV
Názov Milenka francúzskeho poručíka
Údaj o zodpovednosti atď. John Fowles ; z angl. orig. The French Lieutenant's Woman ... prel. a doslov nap. Dušan Slobodník
260 ## - VYDAVATEĽSKÉ ÚDAJE, DISTRIBÚCIA ATĎ.
Miesto publikovania, distribúcie atď. Bratislava
Názov vydavateľa, distibútora atď. Tatran
Dátum publikovania, distribúcie atď. 1972
Miesto výroby Martin
Výrobca Tlačiarne SNP - Neografia
300 ## - FYZICKÝ POPIS
Rozsah 406, [5] s.
Rozmery
490 0# - EDÍCIA
Edícia Luk
Zväzok/sekvenčné označenie zv. 31
500 ## - VŠEOBECNÁ POZNÁMKA
Formátovaná poznámka o obsahu Pozn. Text na predsádkach
500 ## - VŠEOBECNÁ POZNÁMKA
Formátovaná poznámka o obsahu 30000 výtl.
650 07 - PRIDANÝ VSTUP – PREDMET – TEMATICKÉ HESLO
Tematické heslo alebo geografický názov ako vstupný prvok romány anglické
Zdroj hesla alebo termínu SNK
700 1# - PRIDANÝ VSTUP – OSOBNÉ MENO
Osobné meno Slobodník, Dušan
Dátumy súvisiace s menom 1927-
Kód roly trl
-- aui
730 ## -
-- The French Lieutenant's Woman
958 ## - Formálny deskriptor
Formálny deskriptor AUL
Holdings
Stav stiahnutia (Blokovanie) (Withrawn status) Stav straty Stav poškodenia (Damaged status) Nie pre výpožičky (Not for loan) Spôsob nadobudnutia (Collection code) Trvalé umiestnenie Aktuálne umiestnenie Dátum nadobudnutia Náklady, bežná kúpna cena Inventárne číslo (prírastkové číslo) Full call number Dátum posledného výskytu Cena s účinnosťou od Typ jednotky Koha
        Kúpa Mestská knižnica Giraltovce Mestská knižnica Giraltovce 2019-11-29 34.00 09951 B 4130 2019-11-29 2019-11-29 Krásna literatúra pre dospelých

Powered by Koha